000 00647cam a2200217Ii 4500
999 _c3117
_d3117
001 3573047
003 OSt
005 20181024163606.0
008 780120s1974 ii 000 0 eng d
035 _atcgc211035
040 _aKAT
_cKAT
_dTSM
050 _aBV5082
_b.S512
082 _a201
_bS617S
100 1 _aSingh, Sundar,
_d1889-1929.
245 1 0 _a The search after reality :
_cby Sadhu Sundar Singh.
_bthoughts on Hinduism, Buddhism, Muhammadanism and Christianity/
260 _aMadras :
_bChristian Literature Society,
_c1925.
300 _a55 p. ;
_c18 cm.
700 1 _aParker, Arthur.
700 1 _aPārkar, E.,
_cMrs.
942 _2ddc
_cBK